000
00271nam a22000977a 4500
999
_c
508312
_d
508312
082
_a
Q93x5413 B489
100
_a
Bihar. Jail Reforms Committee, 1948
_9
3560
245
_a
Report of the Bihar Jail Reforms Committee
260
_a
Patna
_b
Government Press
_c
1949
300
_a
88p.